000 00447nam a2200169Ia 4500
003 GCL
008 140319s9999 xx 000 0 ara d
040 _aGCL /
_cGCL
082 0 4 _a813.01
_bف ا
100 1 _aفخرى قعوار
245 1 0 _aايوب الفلسطينى /
_cفخرى قعوار
300 _a123 ص
490 _a
650 0 4 _aالادب العربى
650 0 4 _aالقصص العربية القصيرة
942 _2ddc
_cBK
999 _c46526
_d46526